Simulation and the Monte Carlo Method

Đã lưu trong:
Chi tiết về thư mục
Những tác giả chính: Rubinstein, Reuven Y (Tác giả), Kroese, Dirk P (Tác giả)
Định dạng: Sách
Ngôn ngữ:Tiếng Anh
Được phát hành: Hoboken John Wiley and Sons 2008
Phiên bản:2a. ed
Những chủ đề:
Các nhãn: Thêm thẻ
Không có thẻ, Là người đầu tiên thẻ bản ghi này!

MARC

LEADER 00000nam a2200000 a 4500
001 UCH7434
003 CL-VaPUC
008 091112e20080000us |||||||||||||||||eng|d
020 |a 9780470177945 
082 0 4 |a 003.83  |b RUB  |2 21 
100 0 |a Rubinstein, Reuven Y  |e author  |9 543878 
700 0 |a Kroese, Dirk P  |e author  |9 543879 
245 1 0 |a Simulation and the Monte Carlo Method 
250 |a 2a. ed 
300 |a 345 p 
942 |c BK 
945 |d 20091112 00:00:00  |a dcastane 
260 |a Hoboken  |b John Wiley and Sons  |c 2008 
650 7 |a SISTEMAS DE TIEMPO DISCRETO  |2 CL-VaPUC  |9 350698 
650 7 |a SIMULACION  |2 CL-VaPUC  |9 338579 
650 7 |a CONTROL DE SISTEMAS  |2 CL-VaPUC  |9 352951 
583 |a last modification  |c 20171116 02:29:11  |k Rodrigo Vera 
999 |c 338031  |d 338029 
952 |0 0  |1 0  |4 0  |6 003_830000000000000_RUB_2008  |7 0  |8 A  |9 430817  |a BIBING  |b BIBING  |d 2019-11-22  |i 4618084  |o 003.83 RUB 2008  |p 4618084  |r 2024-01-25  |w 2019-11-22  |y BK  |k EII